000
00246nam a2200109Ia 4500
008
240625s9999 xx 000 0 und d
041
_a
eng
082
_a
657 ATK
100
_a
ATKINSON ANTHONY A
245
_a
MANAGEMENT ACCOUNTING
260
_c
2001
999
_c
38167
_d
38167